Flagi państw graniczących z Kamerunem - Statystyki

Ogólne statystyki
  • Ten quiz został rozwiązany 38 razy
  • Średni wynik to 5 z 6
Statystyki odpowiedzi
Obrazkowy Odpowiedź % Poprawnych
Nigeria
100%
Czad
97%
Republika Środkowoafrykańska
91%
Gabon
85%
Gwinea Równikowa
85%
Kongo
85%
Nie znaleziono quizów pasujących do podanych kryteriów
Rozkład punktacji
Procent ludzi z każdym wynikiem
Percentyl według liczby udzielonych odpowiedzi
Twoja historia wyników
Nie rozwiązałeś tego quizu